La empresa transnacional en el marco laboral/
Uloženo v:
| Hlavní autor: | |
|---|---|
| Médium: | Neznámo |
| Jazyk: | Spanish |
| Vydáno: |
Madrid:
Ediciones Cultura Hispánica,
1983
|
| Témata: | |
| Tagy: |
Přidat tag
Žádné tagy, Buďte první, kdo vytvoří štítek k tomuto záznamu!
|
MARC
| LEADER | 00000 a2200000 04500 | ||
|---|---|---|---|
| 003 | cru CIDCACS/IIS | ||
| 005 | 20210419160137.0 | ||
| 008 | 201119s1983 sp |||||r|||||||| ||spa|d | ||
| 040 | |c CRAI/IIS | ||
| 090 | |a 12.01.01 N127e | ||
| 100 | 1 | |a Nadal Vignolo, Stella Maris |9 9741 | |
| 245 | 1 | |a La empresa transnacional en el marco laboral/ |c Stella Maris Nadal Vignolo | |
| 260 | |a Madrid: |b Ediciones Cultura Hispánica, |c 1983 | ||
| 300 | |a 159 páginas | ||
| 650 | 0 | |9 7483 |a EMPRESAS EXTRANJERAS | |
| 650 | 0 | |9 1479 |a DERECHO AL TRABAJO | |
| 650 | 0 | |9 1484 |a AMBIENTE DE TRABAJO | |
| 650 | 0 | |9 2434 |a SALARIOS | |
| 650 | 0 | |9 2616 |a RESPONSABILIDAD LEGAL | |
| 942 | |2 ddc |c LI | ||
| 999 | |c 43516 |d 43516 | ||
